| 000 | 00000nas 2200000za 4500 |
| 001 | 9.500797 |
| 003 | CaOODSP |
| 005 | 20231102120034 |
| 007 | cr ||||||||||| |
| 008 | 150406d19991999xxc|| p o||||f| |0fre|d |
| 022 | |a1203-4177 |
| 040 | |aCaOODSP|bfre |
| 043 | |an-cn--- |
| 086 | 1 |aC12-20-1F-PDF |
| 245 | 00|aRescol hors ligne : |brevue à l'intention des enseignants. |
| 264 | 1|aToronto, Ontario : |bIndustrie Canada |
| 310 | |aTrois fois par année |
| 362 | 1 |aParaît depuis hiver 1999; ne paraît plus après automne 1999. |
| 500 | |aSuivi de «Rescol : la revue qui met les TIC à votre service» (ISSN: 1206-1603). |
| 691 | 07|aInternet|2gcpds |
| 691 | 07|aTechnologie éducative|2gcpds |
| 691 | 07|aTechnologie de l'information|2gcpds |
| 710 | 1 |aCanada. |bIndustrie Canada, |eorganisme de publication. |
| 775 | 08|tSchoolNet off-line : |w(CaOODSP)9.504362 |
| 776 | 0#|tRescol hors ligne |w(CaOODSP)9.512607 |